<?xml version="1.0" encoding="UTF-8"?>
<record
    xmlns:xsi="http://www.w3.org/2001/XMLSchema-instance"
    xsi:schemaLocation="http://www.loc.gov/MARC21/slim http://www.loc.gov/standards/marcxml/schema/MARC21slim.xsd"
    xmlns="http://www.loc.gov/MARC21/slim">

  <leader>00364nam a22001577a 4500</leader>
  <controlfield tag="003">OSt</controlfield>
  <datafield tag="020" ind1=" " ind2=" ">
    <subfield code="a">9781032965116</subfield>
  </datafield>
  <datafield tag="082" ind1=" " ind2=" ">
    <subfield code="a">005.7</subfield>
    <subfield code="b">BAB</subfield>
  </datafield>
  <datafield tag="100" ind1=" " ind2=" ">
    <subfield code="a">BANAFA, Ahmed </subfield>
  </datafield>
  <datafield tag="245" ind1=" " ind2=" ">
    <subfield code="a">Blockchain Technology and Application </subfield>
  </datafield>
  <datafield tag="250" ind1=" " ind2=" ">
    <subfield code="a">Special Indian Ed.</subfield>
  </datafield>
  <datafield tag="260" ind1=" " ind2=" ">
    <subfield code="a">New York,</subfield>
    <subfield code="b">Routledge:</subfield>
    <subfield code="c">2025.</subfield>
  </datafield>
  <datafield tag="300" ind1=" " ind2=" ">
    <subfield code="a">xii,154p.</subfield>
  </datafield>
  <datafield tag="650" ind1=" " ind2=" ">
    <subfield code="a">MCA</subfield>
  </datafield>
  <datafield tag="942" ind1=" " ind2=" ">
    <subfield code="2">ddc</subfield>
    <subfield code="c">BK</subfield>
  </datafield>
  <datafield tag="999" ind1=" " ind2=" ">
    <subfield code="c">13122</subfield>
    <subfield code="d">13122</subfield>
  </datafield>
  <datafield tag="952" ind1=" " ind2=" ">
    <subfield code="0">0</subfield>
    <subfield code="1">0</subfield>
    <subfield code="2">ddc</subfield>
    <subfield code="4">0</subfield>
    <subfield code="7">0</subfield>
    <subfield code="8">MCA</subfield>
    <subfield code="a">PIET</subfield>
    <subfield code="b">PIET</subfield>
    <subfield code="d">2025-02-13</subfield>
    <subfield code="e">Zafaa Books and Distributors</subfield>
    <subfield code="f">INR</subfield>
    <subfield code="g">1995.00</subfield>
    <subfield code="k">ZBD0491</subfield>
    <subfield code="l">0</subfield>
    <subfield code="o">005.7 BAB</subfield>
    <subfield code="p">38743</subfield>
    <subfield code="r">2025-02-13 00:00:00</subfield>
    <subfield code="v">1296.75</subfield>
    <subfield code="w">2025-02-13</subfield>
    <subfield code="y">BK</subfield>
  </datafield>
  <datafield tag="952" ind1=" " ind2=" ">
    <subfield code="0">0</subfield>
    <subfield code="1">0</subfield>
    <subfield code="2">ddc</subfield>
    <subfield code="4">0</subfield>
    <subfield code="7">0</subfield>
    <subfield code="8">MCA</subfield>
    <subfield code="a">PIET</subfield>
    <subfield code="b">PIET</subfield>
    <subfield code="d">2025-02-13</subfield>
    <subfield code="e">Zafaa Books and Distributors</subfield>
    <subfield code="f">INR</subfield>
    <subfield code="g">1995.00</subfield>
    <subfield code="k">ZBD0491</subfield>
    <subfield code="l">0</subfield>
    <subfield code="o">005.7 BAB</subfield>
    <subfield code="p">38744</subfield>
    <subfield code="r">2025-02-13 00:00:00</subfield>
    <subfield code="v">1296.75</subfield>
    <subfield code="w">2025-02-13</subfield>
    <subfield code="y">BK</subfield>
  </datafield>
  <datafield tag="952" ind1=" " ind2=" ">
    <subfield code="0">0</subfield>
    <subfield code="1">0</subfield>
    <subfield code="2">ddc</subfield>
    <subfield code="4">0</subfield>
    <subfield code="7">0</subfield>
    <subfield code="8">MCA</subfield>
    <subfield code="a">PIET</subfield>
    <subfield code="b">PIET</subfield>
    <subfield code="d">2025-02-13</subfield>
    <subfield code="e">CBS Publishers &amp; Distributors  PVT. LTD.</subfield>
    <subfield code="f">INR</subfield>
    <subfield code="g">1595.00</subfield>
    <subfield code="k">CUST103680</subfield>
    <subfield code="l">0</subfield>
    <subfield code="o">005.7 BAB</subfield>
    <subfield code="p">38738</subfield>
    <subfield code="r">2025-02-13 00:00:00</subfield>
    <subfield code="v">1196.25</subfield>
    <subfield code="w">2024-09-06</subfield>
    <subfield code="y">BK</subfield>
  </datafield>
</record>
